National Company Law Tribunal And National Company Law Appellate Tribunal / : (Record no. 195845)

MARC details
000 -LEADER
fixed length control field 00724nam a22002057a 4500
005 - DATE AND TIME OF LATEST TRANSACTION
control field 20230504140639.0
010 ## - LCCN (DPL NO)
LC control number ENG-136772
020 ## - INTERNATIONAL STANDARD BOOK NUMBER
International Standard Book Number 9789386643650
Terms of availability 1895.00
035 ## - SYSTEM CONTROL NUMBER
System control number EN-120304
037 ## - SOURCE OF ACQUISITION
Source of stock number/acquisition DBAD/PUB
082 ## - DEWEY DECIMAL CLASSIFICATION NUMBER
Classification number 346.54066
Edition number Fourth
100 ## - MAIN ENTRY--PERSONAL NAME
Personal name Manekar, Prachi
245 ## - TITLE STATEMENT
Title National Company Law Tribunal And National Company Law Appellate Tribunal / :
Statement of responsibility, etc By Prachi Manekar
250 ## - EDITION STATEMENT
Edition statement Fourth
260 ## - PUBLICATION, DISTRIBUTION, ETC. (IMPRINT)
Place of publication, distribution, etc New Delhi
Name of publisher, distributor, etc Bloombury Publishing India Pvt Ltd
Date of publication, distribution, etc 2017
270 ## - ADDRESS
Address DDA Complex, LSC Building No.4 Second Floor, Pocket C 6 & 7, Vasant Kunj
City New Delhi
Postal code 110070
300 ## - PHYSICAL DESCRIPTION
Extent lxxiv,978p.;
Dimensions 24m(pbk)
500 ## - GENERAL NOTE
General note Law, Practice & Procedure
942 ## - ADDED ENTRY ELEMENTS (KOHA)
Source of classification or shelving scheme Dewey Decimal Classification
Item type English Books
Classification part 346.54066
Call number suffix MAN
Holdings
Withdrawn status Lost status Not for loan Collection code Home library Current library Date acquired Source of acquisition Cost, normal purchase price Full call number Barcode Copy number Cost, replacement price Koha item type
      Non-fiction Shahdara Branch Shahdara Branch 04/05/2023 DBAD/PUB 1895.00 346.54066 MAN EN-120304 1 1895.00 English Books

© Delhi Public Library
Hit Counter
free hit counter